Guatemala: la corrupción como crisis de gobierno /
Guardat en:
| Autor principal: | |
|---|---|
| Format: | Text |
| Etiquetes: |
Afegir etiqueta
Sense etiquetes, Sigues el primer a etiquetar aquest registre!
|
MARC
| LEADER | 00000 a a2200000 04500 | ||
|---|---|---|---|
| 001 | 48784 | ||
| 003 | |||
| 040 | |||
| 100 | |a Torres Rivas, Edelberto | ||
| 245 | |a Guatemala: |b la corrupción como crisis de gobierno / |c Edelberto Torres Rivas | ||
| 773 | |a número258, (2015), páginas 4-15 | ||
| 999 | |c 33524 |d 33524 | ||
